Statistics for Cryptic Countries #2

Click here to take the quiz!

General Stats

  • This quiz has been taken 86 times
  • The average score is 5 of 12

Answer Stats

HintCountryExplanation% Correct
Sounds like a large nation in a hurryRUSSIARusher sounds like RUSSIA
72%
A vital mix for Russian neighbourLATVIAA VITAL - anagram of LATVIA
57%
There is no right way to spell this cold placeNORWAYNO + R + WAY
52%
World Cup winner with lots after bigger second halfGERMANYlots = MANY, after second half of bigGER
45%
Anger set down in this green placeIRELANDAnger = IRE, set down = LAND
43%
Eleven come between myself and company, speaking SpanishMEXICOME + XI + CO
40%
Roughly draw an African nationRWANDADRAW AN - anagram of RWANDA
40%
Noted for solid triangles, from Type G componentsEGYPTTYPE G - anagram of Egypt
37%
Is Mr Franklin at home on the Atlantic coast?BENINis BEN IN?
35%
For hours, Dan runs around near the CaribbeanHONDURASHOURS DAN - anagram of HONDURAS
31%
Spanish agreement to make a mistake with beer (a single) in AfricaSIERRA LEONESI + ERR + ALE + ONE
25%
Ban evil oil supply leaders from this beautiful islandBARBADOSBan = BAR, evil = BAD, leaders/first letters of Oil Supply
16%

Score Distribution

Percentile by Number Answered

Percent of People with Each Score

Your Score History

You have not taken this quiz